000 00334nam a22001097a 4500
999 _c15070
_d15070
008 200304b ||||| |||| 00| 0 eng d
245 _aReligious orders apologize for abuse of children.
260 _aPhilippines;
_bPhilippine Daily Inquirer,
_c©2019.
300 _apage A2;
_c29.5cm.
650 _aChild Abuse
_941780
942 _2ddc
_cPER